Soil mechanics in engineering practice (Record no. 76634)

MARC details
000 -LEADER
fixed length control field 00786nam a2200157 a 4500
008 - FIXED-LENGTH DATA ELEMENTS--GENERAL INFORMATION
fixed length control field 120416s1967 ||||||||||||||||| || u
050 ## - LIBRARY OF CONGRESS CALL NUMBER
Classification number TA 710 Ter
100 ## - MAIN ENTRY--PERSONAL NAME
Personal name Terzaghi, Karl
245 10 - TITLE STATEMENT
Title Soil mechanics in engineering practice
250 ## - EDITION STATEMENT
Edition statement 2nd ed.
260 ## - PUBLICATION, DISTRIBUTION, ETC.
Place of publication, distribution, etc. New York
Name of publisher, distributor, etc. John Wiley and Sons
Date of publication, distribution, etc. 1967
350 ## -
-- 0.00
995 ## -
-- MAIN LIBRARY OPEN ACCESS
-- 0.00
-- 713611
-- CBU-MAIN LIBRARY (Kitwe)
-- 2
-- 8.80
-- TA 710 Ter
-- 1
-- AVAILABLE
-- 013936
-- Main Library Open Access Collection
995 ## -
-- BINDERY (DAMAGED)
-- 0.00
-- 717581
-- CBU-MAIN LIBRARY (Kitwe)
-- 1
-- 8.80
-- TA 710 Ter
-- DAMAGED
-- 013937
-- Main Library Open Access Collection
995 ## -
-- MAIN LIBRARY OPEN ACCESS
-- 0.00
-- 726576
-- CBU-MAIN LIBRARY (Kitwe)
-- 3
-- 8.80
-- TA 710 Ter
-- AVAILABLE
-- 013938
-- Main Library Open Access Collection
999 ## -
-- 76634
-- 76634
Holdings
Withdrawn status Lost status Source of classification or shelving scheme Damaged status Not for loan Permanent Location Current Location Shelving location Date acquired Total Checkouts Full call number Barcode Date last seen Copy number Price effective from Koha item type
          CBU-MAIN LIBRARY, KITWE. CBU-MAIN LIBRARY, KITWE.   04/25/2023   TA 710 Ter 013936 04/25/2023 1 04/25/2023 MONOGRAPH
          CBU-MAIN LIBRARY, KITWE. CBU-MAIN LIBRARY, KITWE.   04/25/2023   TA 710 Ter 013937 04/25/2023 2 04/25/2023 MONOGRAPH
          CBU-MAIN LIBRARY, KITWE. CBU-MAIN LIBRARY, KITWE.   04/25/2023   TA 710 Ter 013938 04/25/2023 3 04/25/2023 MONOGRAPH